[Event "Norway Chess 2024"]
[Site "Stavanger, Norway"]
[Date "2024.05.29"]
[Round "5.2"]
[White "Caruana, Fabiano"]
[Black "Ding, Liren"]
[Result "1-0"]
[WhiteElo "2805"]
[BlackElo "2762"]
[Annotator "Stockfish 16.1 - Chessbase"]
[PlyCount "61"]
[GameId "2053142232144087"]
[EventDate "2024.??.??"]

1. e4 {[%eval 15,0]} e5 {[%eval 17,0]} 2. Nf3 {[%eval 19,0]} Nc6 {[%eval 19,0]} 3. Bc4 {[%eval 1,0]} Nf6 {[%eval 13,0]} 4. d3 {[%eval 9,0]} Bc5 {[%eval 17,0]} 5. O-O {[%eval 9,0]} O-O {[%eval 15,0]} 6. Nbd2 {[%eval 3,0]} d6 {[%eval 9,0]} 7. c3 {[%eval 9,0]} a5 {[%eval 8,0]} 8. h3 {[%eval 19,0]} h6 {[%eval 16,0]} 9. Re1 {[%eval 27,0]} Be6 {[%eval 26,0]} 10. Bb5 {[%eval 17,0]} Qb8 {[%eval 14,0]} 11. Re2 $146 {[%eval 8,0]} ({RR} 11. Nf1 Qa7 12. Be3 Bxe3 13. Nxe3 Ne7 14. a4 Ng6 15. Bc4 Bxc4 16. Nxc4 Qa6 17. g3 Rfe8 18. Ne3 Rad8 19. Qc2 Qc6 20. Qb3 b6 21. Qc4 Qb7 22. Rad1 {½-½ Kiss,A (2293)-Lakos,N (2210) Hali Kupa IM 2024 Szombathely HUN (6.2)}) 11... Qa7 {[%eval 9,0]} 12. Bxc6 {[%eval 0,0]} bxc6 {[%eval 0,0]} 13. a4 {[%eval 7,0]} Nd7 {[%eval 25,0]} 14. Nf1 {[%eval 22,0]} d5 {[%eval 2,0]} 15. d4 {[%eval 12,0]} exd4 {[%eval 5,0]} 16. Nxd4 {[%eval 44,0]} Qb6 {[%eval 65,0]} 17. Be3 {[%eval 62,0]} Bxd4 {[%eval 58,0]} 18. Bxd4 {[%eval 56,0]} Qb7 {[%eval 59,0]} 19. exd5 {[%eval 9,0]} cxd5 {[%eval 19,0]} 20. Ng3 {[%eval 15,0]} Rae8 $6 {[%eval 78,0] Inaccuracy. c5 was best.} (20... c5) 21. Qd2 $6 {[%eval 0,0] Inaccuracy. f4 was best.} (21. f4) 21... c5 {[%eval 0,0]} 22. Be3 {[%eval 0,0]} Kh7 $6 {[%eval 58,0] Inaccuracy. Bxh3 was best.} (22... Bxh3 23. f3 Qc6 24. Kh2 Ne5 25. Kxh3 Qe6+ 26. Kh2 Nc4 27. Qd3 Nxe3 28. Rae1) 23. Rae1 {[%eval 37,0]} Qc6 $6 {[%eval 119,0] Inaccuracy. Qb3 was best.} (23... Qb3) 24. Bf4 $6 {[%eval 36,0] Inaccuracy. b4 was best.} (24. b4 cxb4 25. cxb4 axb4 26. a5 Qc3 27. Qd1 Qc4 28. Bd4 Rc8 29. Nh5 Rg8) 24... Qxa4 {[%eval 34,0]} 25. Nf5 {[%eval 32,0]} Qc6 $4 {[%eval 254,0] Blunder. Rg8 was best.} (25... Rg8 26. Nd6 Ref8 27. Qd3+ Kh8 28. Bh2 Nb6 29. Re5 Nc4 30. Rh5 Qd7 31. Nxc4) 26. Nxg7 {[%eval 244,0]} Kxg7 {[%eval 259,0]} 27. Bxh6+ {[%eval 264,0]} Kh7 {[%eval 263,0]} 28. Bxf8 {[%eval 233,0]} Rxf8 $4 {[%eval 485,0] Blunder. Nxf8 was best.} (28... Nxf8 29. Qg5 Qd7 30. f4 f5 31. Re3 Kh8 32. Rg3 Nh7 33. Qh6 Qf7 34. Rge3) 29. Qg5 {[%eval 481,0]} Re8 {[%eval 494,0]} 30. c4 {[%eval 485,0]} Rb8 {[%eval 547,0]} 31. Rxe6 {[%eval 522,0]} 1-0

[Event "Norway Chess 2024"]
[Site "Stavanger, Norway"]
[Date "2024.05.29"]
[Round "5.3"]
[White "Nakamura, Hikaru"]
[Black "Firouzja, Alireza"]
[Result "1/2-1/2"]
[WhiteElo "2794"]
[BlackElo "2737"]
[Annotator "Stockfish 16.1 - Chessbase"]
[PlyCount "64"]
[GameId "2053142232144088"]
[EventDate "2024.??.??"]

1. d4 {[%eval 14,0]} d5 {[%eval 24,0]} 2. c4 {[%eval 25,0]} e6 {[%eval 24,0]} 3. Nc3 {[%eval 21,0]} c5 {[%eval 33,0]} 4. cxd5 {[%eval 28,0]} exd5 {[%eval 27,0]} 5. Nf3 {[%eval 29,0]} Nc6 {[%eval 27,0]} 6. g3 {[%eval 29,0]} Nf6 {[%eval 29,0]} 7. Bg2 {[%eval 17,0]} cxd4 {[%eval 24,0]} 8. Nxd4 {[%eval 24,0]} Bc5 {[%eval 26,0]} 9. Nb3 {[%eval 21,0]} Bb6 {[%eval 32,0]} 10. O-O {[%eval 37,0]} d4 {[%eval 18,0]} 11. Na4 {[%eval 24,0]} O-O {[%eval 28,0]} 12. Bg5 {[%eval 23,0]} h6 {[%eval 23,0]} 13. Bxf6 {[%eval 21,0]} Qxf6 {[%eval 22,0]} 14. Rc1 {[%eval 2,0]} Re8 {[%eval 12,0]} 15. h3 {[%eval 28,0]} Bf5 $146 {[%eval 0,0]} ({RR} 15... Qe5 16. Re1 Bf5 17. Nac5 Rac8 18. Qd2 Re7 19. a3 Na5 20. Nxa5 Bxa5 21. Qxa5 b6 22. Qd2 bxc5 23. e3 d3 24. e4 Be6 25. Qxd3 Qxb2 26. Rxc5 Rxc5 27. Qd8+ Kh7 28. Qxe7 Qxa3 29. e5 Qb4 30. Be4+ {½-½ Volkov,S (2454)-Chertkov,M (2271) ch-Moscow Open Superfinal Ershovo RUS 2024 (6.13)}) 16. Nbc5 {[%eval 4,0]} Bxc5 {[%eval 8,0]} 17. Nxc5 {[%eval 14,0]} b6 {[%eval 17,0]} 18. Nd3 {[%eval 0,0]} Be4 {[%eval 3,0]} 19. Bxe4 {[%eval 0,0]} Rxe4 {[%eval 0,0]} 20. Qc2 {[%eval 0,0]} Re6 {[%eval 2,0]} 21. Nf4 {[%eval 1,0]} Rd6 {[%eval 0,0]} 22. Qe4 {[%eval 0,0]} Rad8 {[%eval 0,0]} 23. Rfd1 {[%eval 0,0]} g5 {[%eval 0,0]} 24. Nd3 {[%eval 0,0]} Re6 {[%eval 2,0]} 25. Qg4 {[%eval 13,0]} Ne5 {[%eval 0,0]} 26. Nxe5 {[%eval 0,0]} Qxe5 {[%eval 0,0]} 27. Rc2 {[%eval 0,0]} Qf6 {[%eval 4,0]} 28. h4 {[%eval 0,0]} Rde8 {[%eval 0,0]} 29. hxg5 {[%eval 0,0]} hxg5 {[%eval 0,0]} 30. Rxd4 {[%eval 0,0]} Rxe2 {[%eval 0,0]} 31. Rxe2 {[%eval 0,0]} Rxe2 {[%eval 0,0]} 32. Qxe2 {[%eval 0,0]} Qxd4 {[%eval 0,0]} 1/2-1/2

[Event "Norway Chess 2024"]
[Site "Stavanger, Norway"]
[Date "2024.05.29"]
[Round "6.3"]
[White "Nakamura, Hikaru"]
[Black "Firouzja, Alireza"]
[Result "1-0"]
[WhiteElo "2794"]
[BlackElo "2737"]
[Annotator "Stockfish 16.1 - Chessbase"]
[PlyCount "80"]
[GameId "2053142232148185"]
[EventDate "2024.??.??"]

1. d4 {[%eval 14,0] Stockfish 16.1} d5 {[%eval 24,0]} 2. c4 {[%eval 25,0]} c6 {[%eval 22,0]} 3. Nf3 {[%eval 25,0]} Nf6 {[%eval 27,0]} 4. e3 {[%eval 26,0]} Bf5 {[%eval 29,0]} 5. Nc3 {[%eval 26,0]} e6 {[%eval 24,0]} 6. Nh4 {[%eval 21,0]} Be4 {[%eval 26,0]} 7. f3 {[%eval 28,0]} Bg6 {[%eval 4,0]} 8. Bd2 {[%eval 33,0]} Be7 {[%eval 33,0]} 9. Nxg6 {[%eval 3,0]} hxg6 {[%eval 28,0]} 10. Qc2 {[%eval 31,0]} dxc4 $146 {[%eval 3,0]} ({RR} 10... Nbd7 11. O-O-O dxc4 ({RR} 11... a6 12. g4 dxc4 13. Bxc4 b5 14. Bxe6 fxe6 15. g5 Nh5 16. Qxg6+ Kf8 17. f4 Nb6 18. Qxe6 b4 19. g6 Ke8 20. Qf7+ Kd7 21. Ne4 Qg8 22. Nc5+ Kd8 23. Bxb4 Qxf7 24. gxf7 Bxc5 25. Bxc5 Nd7 26. Bd6) 12. Bxc4 a6 13. Kb1 b5 ({RR} 13... c5 14. dxc5 ({RR} 14. g4 b5 15. Bxe6 fxe6 16. g5 Nd5 17. Qxg6+ Kf8 18. Qxe6 Nc7 19. Qf5+ Kg8 20. Ne4 Nf8 21. Ba5 Qd5 22. Qg4 Nce6 23. dxc5 Qc6 24. h4 Nxc5 25. Rc1 Qd5 26. Nf6+ Bxf6 27. gxf6 g6 28. h5) 14... Nxc5 15. e4 b5 16. Be2 Qb8 ({RR} 16... O-O 17. Bf4 Qb6 18. e5 Nh7 19. Be3 Qb8 20. f4 Rc8 21. Ne4 Na4 22. Qd2 Nb6 23. Bxb6 Qxb6 24. Qd4 Qxd4 25. Rxd4 g5 26. g3 gxf4 27. gxf4 Nf8 28. Nd6) 17. g3 O-O 18. Bf4 Qb7 19. e5 Nfd7 20. h4 Rfc8 21. Ne4 Nxe4 22. Qxe4 Qxe4+ 23. fxe4 Nc5 24. Bf3 Ra7 25. Be3 Rac7 26. Rd6 Nd7 27. Rxa6 Nxe5 28. Be2) 14. Be2 c5 15. g4 cxd4 16. exd4 Nb6 17. g5 Nfd5 18. Nxd5 Qxd5 19. Qe4 Rc8 20. h4 Bd6 21. Bd3 Ke7 22. Qg4 Na4 ({RR} 22... b4 23. Qe4 a5 24. Ba6 Rc7 25. Rc1 Rd8 26. h5 gxh5 27. Rxh5 Bg3 28. Rh7) 23. Rc1 ({RR} 23. Rhe1 b4 24. Qe4 Nb6 25. Bxa6 Ra8 26. Qxd5 Nxd5 27. Bc4 Nb6 28. Bb3 Rxh4) 23... Bc5 ({RR} 23... Nb6 24. Qe4 Rxc1+ 25. Rxc1 Kd7 26. Ba5 Nc4 27. Be1 Rc8 28. Rc2 Nb6 29. Rxc8) 24. b3 Ba3 25. Rxc8 {1-0 Royal,S (2463)-Jumabayev,R (2595) Sharjah Master 2024 Shsrjah - Abu Dhabi (1.44)}) ({RR} 10... Nbd7 11. O-O-O a6 12. g4 dxc4 13. Bxc4 b5 14. Bxe6 fxe6 15. g5 Nh5 16. Qxg6+ Kf8 17. f4 Nb6 18. Qxe6 b4 19. g6 Ke8 20. Qf7+ Kd7 21. Ne4 Qg8 22. Nc5+ Kd8 23. Bxb4 Qxf7 24. gxf7 Bxc5 25. Bxc5 {½-½ Gukesh,D (2720)-Nasuta,G (2579) World Rapid 2023 Samarkand UZB (2.67)}) ({RR} 10... Nbd7 11. O-O-O a6 12. c5 b6 13. cxb6 Qxb6 14. Na4 Qb7 15. Kb1 O-O 16. g4 Rfc8 17. g5 Nh7 18. h4 c5 19. Bc3 c4 20. f4 Nhf8 21. h5 gxh5 22. Rxh5 f5 23. gxf6 Nxf6 24. Rh3 Ne4 25. Bg2 {1-0 Lupulescu,C (2589)-Nasuta,G (2563) Chessable Masters Play-In chess.com INT 2024 (4)}) ({RR} 10... Nbd7 11. O-O-O a6 12. Kb1 dxc4 13. Bxc4 c5 14. dxc5 Nxc5 15. e4 b5 16. Be2 Qb8 17. g3 O-O 18. Bf4 Qb7 19. e5 Nfd7 20. h4 Rfc8 21. Ne4 Nxe4 22. Qxe4 Qxe4+ 23. fxe4 Nc5 24. Bf3 Ra7 25. Be3 {½-½ Klimkowski,J (2531)-Nasuta,G (2563) chess.com Speed Poland chess.com INT 2024 (1.6)}) 11. Bxc4 {[%eval 28,0]} Nd5 {[%eval 29,0]} 12. O-O-O {[%eval 26,0]} Nd7 {[%eval 7,0]} 13. Kb1 {[%eval 81,0]} Rc8 {[%eval 116,0]} 14. Ne2 {[%eval 65,0]} b5 {[%eval 55,0]} 15. Bd3 {[%eval 21,0]} c5 $2 {[%eval 145,0] Mistake. a6 was best.} (15... a6 16. e4) 16. dxc5 $2 {[%eval 3,0] Mistake. Bxb5 was best.} (16. Bxb5 O-O 17. Rc1 a6 18. Bxa6 Rb8 19. Bc4 Qb6 20. Bxd5 exd5 21. Nf4 Qb7) 16... O-O $6 {[%eval 102,0] Inaccuracy. Rxc5 was best.} (16... Rxc5 17. Qb3 a6 18. e4 N5b6 19. h4 Qb8 20. Bb4 Rc8 21. Bxe7 Kxe7 22. Qb4+) 17. Bxb5 {[%eval 48,0]} Nxc5 {[%eval 75,0]} 18. e4 {[%eval 73,0]} Qb6 {[%eval 96,0]} 19. exd5 {[%eval 107,0]} Qxb5 {[%eval 115,0]} 20. Nc3 {[%eval 103,0]} Qb7 {[%eval 113,0]} 21. dxe6 {[%eval 108,0]} Nxe6 {[%eval 100,0]} 22. Qe4 {[%eval 105,0]} Rc6 {[%eval 114,0]} 23. Nd5 {[%eval 123,0]} Ba3 $6 {[%eval 205,0] Inaccuracy. Bd6 was best.} (23... Bd6 24. Nb4) 24. Bb4 {[%eval 195,0]} Bxb4 {[%eval 206,0]} 25. Nxb4 {[%eval 201,0]} Rb6 {[%eval 196,0]} 26. Qxb7 {[%eval 198,0]} Rxb7 {[%eval 204,0]} 27. Nd5 {[%eval 166,0]} g5 {[%eval 108,0]} 28. h4 {[%eval 157,0]} gxh4 {[%eval 139,0]} 29. Rxh4 {[%eval 143,0]} f6 {[%eval 199,0]} 30. Re4 {[%eval 204,0]} Kf7 {[%eval 193,0]} 31. Ne3 {[%eval 200,0]} Rc7 {[%eval 202,0]} 32. Nf5 {[%eval 195,0]} Ng5 {[%eval 197,0]} 33. Red4 {[%eval 201,0]} g6 {[%eval 222,0]} 34. Nd6+ {[%eval 231,0]} Kg8 {[%eval 204,0]} 35. b3 {[%eval 207,0]} f5 {[%eval 232,0]} 36. Nc4 {[%eval 211,0]} Kg7 {[%eval 215,0]} 37. Re1 {[%eval 205,0]} Rh8 $6 {[%eval 276,0] Inaccuracy. Rf6 was best.} (37... Rf6 38. Kb2 Re6 39. Red1 Re2+ 40. R4d2 Rxd2+ 41. Rxd2 Ne6 42. a4 Kf6 43. Rd6) 38. Nd6 {[%eval 207,0]} Rc6 $6 {[%eval 365,0] Inaccuracy. Kf8 was best.} (38... Kf8 39. Re8+ Kg7 40. Re2 Kf8 41. Nb5 Rb7 42. Rd5 Nf7 43. Kb2 Kg7 44. Nd4) 39. Ne8+ {[%eval 365,0]} Kf8 {[%eval 357,0]} 40. Rd8 {[%eval 343,0]} Nf7 {[%eval 344,0]} 1-0

[Event "Norway Chess 2024"]
[Site "Stavanger, Norway"]
[Date "2024.05.30"]
[Round "7.1"]
[White "Caruana, Fabiano"]
[Black "Carlsen, Magnus"]
[Result "0-1"]
[WhiteElo "2805"]
[BlackElo "2830"]
[Annotator "Stockfish 16.1 - Chessbase"]
[PlyCount "132"]
[GameId "2053142232148186"]
[EventDate "2024.??.??"]

1. e4 {[%eval 15,0] Stockfish 16.1} e5 {[%eval 17,0]} 2. Nf3 {[%eval 19,0]} Nc6 {[%eval 19,0]} 3. Bc4 {[%eval 1,0]} Nf6 {[%eval 15,0]} 4. d3 {[%eval 9,0]} Bc5 {[%eval 17,0]} 5. O-O {[%eval 9,0]} d6 {[%eval 14,0]} 6. c3 {[%eval 11,0]} a6 {[%eval 25,0]} 7. a4 {[%eval 13,0]} Ba7 {[%eval 16,0]} 8. h3 {[%eval 23,0]} ({RR} 8. Nbd2 O-O 9. h3 Re8 10. Qb3 Rf8 11. a5 Nh5 12. Qd1 Qf6 13. Nb3 Nf4 14. Be3 Ne7 15. d4 Neg6 16. Kh2 ({RR} 16. Nbd2 c6 17. Re1 exd4 18. cxd4 d5 19. Bf1) 16... c6 ({RR} 16... exd4 17. cxd4 c6 18. Re1 d5 19. exd5 Nxd5 20. Nbd2 Re8) 17. dxe5 ({RR} 17. Re1 exd4 18. Nbxd4 d5 19. exd5 Nxd5 20. Kg1) 17... Nxe5 18. Nxe5 Qxe5 19. Bxa7 Qxe4 20. f3 Qxc4 21. Be3 Nd3 22. Nd2 Qb5 {½-½ Carlsen,M (2891)-Firouzja,A (2865) Division I Chess.com 2024 (5.1)}) 8... h6 {[%eval 31,0]} ({RR} 8... O-O 9. Nbd2 Re8 10. b4 Be6 11. Bxe6 Rxe6 12. Qc2 Re8 13. Re1 h6 14. Nf1 d5 15. Ng3 b5 16. Nf5 dxe4 ({RR} 16... Qd7 17. Bxh6 gxh6 18. Qc1 dxe4 19. dxe4 Nh7 20. Qxh6 f6 21. Qg6+ Kf8 22. Qh6+ Kg8 23. Qg6+ Kf8 24. Red1 Qf7 25. Qxf7+ Kxf7 26. Rd7+ Kg8 27. Rxc7 Nd8 28. axb5 Ne6 29. Rb7 Reb8 30. bxa6 Bb6 31. Rd1) 17. dxe4 Ne7 18. Nxe5 ({RR} 18. Ng3) 18... Nxf5 19. exf5 c5 20. Bf4 bxa4 21. Nc6 Qd7 22. Rxe8+ Rxe8 23. Nxa7 {½-½ Caruana,F (2803)-Gukesh,D (2743) FIDE Candidates 2024 Toronto, Canada (4.3)}) 9. Be3 $146 {[%eval 27,0]} ({RR} 9. Nbd2 O-O 10. Re1 Ne7 11. Nf1 Ng6 12. Ng3 c6 13. b4 b5 14. Bb3 bxa4 15. Rxa4 Bb7 16. Ra2 Qc7 17. Nf5 d5 18. N3h4 Nxh4 19. Nxh4 dxe4 20. dxe4 c5 21. Qf3 Nxe4 22. Rxe4 cxb4 23. Bxh6 Bxe4 {1-0 Mirzanurov,B (2232)-Gutierrez Carmona,J (2095) Titled Tue 6th Feb Early chess.com INT 2024 (3)}) ({RR} 9. Nbd2 O-O 10. Re1 Re8 11. b4 Be6 12. Bxe6 Rxe6 13. Qc2 ({RR} 13. Nf1 Ne7 14. Ng3 Ng6 15. d4 Qd7 16. d5 Ree8 17. a5 c6 18. c4 cxd5 19. cxd5 Rac8 20. Qd3 Rc7 21. Bd2 Rec8 22. Nf5 Rc4 23. Rac1 Rxe4 24. Rxc8+ Qxc8 25. Nxd6 Rxe1+ 26. Nxe1 Qd7 27. Ne4 Nxd5) 13... Qd7 ({RR} 13... Qd7 14. Rb1 Rd8 15. b5 Ne7 16. d4 Ng6 17. d5 Ree8 18. c4 Ra8 19. a5 b6 20. c5 dxc5 21. axb6 cxb6 22. Qb3 Bb8 23. Nc4 Bc7 24. bxa6 Rxa6 25. Bd2 Qa4 26. Qc3 Qd7 27. Qb3 Qa4 28. Qc3) 14. Rb1 Ne7 15. Nf1 Rd8 16. d4 Ng6 17. d5 Ree8 18. Be3 Bxe3 19. Nxe3 c6 20. Nd2 cxd5 21. exd5 Nf4 22. Qb3 e4 23. c4 Re5 {1-0 Urh,Z (2287)-Ivekovic,T (2081) 24th Mediterranean Flower Rijeka CRO 2024 (8.2)}) ({RR} 9. Re1 O-O 10. Nbd2 Re8 11. b4 Be6 12. Bxe6 Rxe6 13. Qc2 Re8 14. Nf1 b5 15. Be3 ({RR} 15. Ng3 d5 16. Nf5 Qd7 17. Bxh6 gxh6 18. Qc1 dxe4 19. dxe4 Nh7 20. Qxh6 f6 21. Qg6+ Kf8 22. Qh6+ Kg8 23. Qg6+ Kf8 24. Red1 Qf7 25. Qxf7+ Kxf7 26. Rd7+ Kg8 27. Rxc7 Nd8 28. axb5 Ne6 29. Rb7 Reb8) 15... Bxe3 16. Nxe3 Qb8 17. Reb1 Ne7 18. c4 c6 19. c5 dxc5 20. bxc5 Qc7 21. Qc3 Nd7 22. g3 Kh7 23. a5 Rad8 {½-½ Suleymanli,A (2621)-Begmuratov,K (2403) Dubai Police Global Chess Challenge 202 Dubai Police Officers Club, A 2024 (8.17)}) 9... Bxe3 {[%eval 23,0]} 10. fxe3 {[%eval 24,0]} Be6 {[%eval 28,0]} 11. Bxe6 {[%eval 26,0]} fxe6 {[%eval 23,0]} 12. Nbd2 {[%eval 23,0]} O-O {[%eval 25,0]} 13. Rf2 {[%eval 25,0]} Qe7 {[%eval 22,0]} 14. Qb3 {[%eval 32,0]} Rab8 {[%eval 26,0]} 15. Raf1 {[%eval 24,0]} Nd8 {[%eval 25,0]} 16. Qd1 {[%eval 5,0]} b5 {[%eval 4,0]} 17. axb5 {[%eval 0,0]} axb5 {[%eval 0,0]} 18. Nh2 {[%eval 0,0]} Nf7 {[%eval 1,0]} 19. Ng4 {[%eval 6,0]} Nd7 {[%eval 0,0]} 20. d4 {[%eval 0,0]} c5 {[%eval 2,0]} 21. Qe2 {[%eval 2,0]} c4 {[%eval 1,0]} 22. Nh2 {[%eval 21,0]} Nf6 {[%eval 1,0]} 23. Ng4 {[%eval 21,0]} Nd7 {[%eval 5,0]} 24. Nh2 {[%eval 23,0]} Ra8 {[%eval 21,0]} 25. b3 {[%eval 13,0]} cxb3 {[%eval 16,0]} 26. Nxb3 {[%eval 15,0]} Rac8 {[%eval 19,0]} 27. Qd3 {[%eval 21,0]} Nf6 {[%eval 19,0]} 28. Nd2 {[%eval 2,0]} Qc7 {[%eval 21,0]} 29. Qxb5 {[%eval 22,0]} Qxc3 {[%eval 22,0]} 30. Nhf3 {[%eval 2,0]} Qxe3 {[%eval 9,0]} 31. dxe5 {[%eval 4,0]} dxe5 {[%eval 9,0]} 32. Nxe5 {[%eval 11,0]} Ng5 {[%eval 6,0]} 33. Qd3 {[%eval 1,0]} Qc5 {[%eval 1,0]} 34. Nef3 {[%eval 6,0]} Rcd8 {[%eval 5,0]} 35. Qb1 {[%eval 2,0]} Nh5 {[%eval 9,0]} 36. Qc1 {[%eval 8,0]} Qa7 {[%eval 0,0]} 37. Qa1 {[%eval 4,0]} Qb6 {[%eval 6,0]} 38. Qb1 {[%eval 0,0]} Qc5 {[%eval 0,0]} 39. Qc1 {[%eval 6,0]} Qe7 {[%eval 1,0]} 40. Nxg5 {[%eval 21,0]} Rxf2 {[%eval 14,0]} 41. Rxf2 {[%eval 14,0]} Qxg5 {[%eval 21,0]} 42. Qc3 {[%eval 13,0]} Ng3 {[%eval 1,0]} 43. Kh2 {[%eval 12,0]} Rxd2 {[%eval 15,0]} 44. Qxg3 {[%eval 16,0]} Rxf2 {[%eval 11,0]} 45. Qxf2 {[%eval 16,0]} Qe5+ {[%eval 19,0]} 46. Kg1 {[%eval 29,0]} Qxe4 {[%eval 14,0]} 47. Qa7 {[%eval 14,0]} h5 {[%eval 14,0]} 48. Qe7 {[%eval 14,0]} Qe1+ {[%eval 14,0]} 49. Kh2 {[%eval 15,0]} Qe5+ {[%eval 14,0]} 50. Kg1 {[%eval 14,0]} Kh7 {[%eval 14,0]} 51. Qe8 {[%eval 14,0]} h4 {[%eval 13,0]} 52. Qe7 {[%eval 11,0]} Qd4+ {[%eval 11,0]} 53. Kh1 {[%eval 11,0]} Qa1+ {[%eval 11,0]} 54. Kh2 {[%eval 11,0]} Qf6 {[%eval 12,0]} 55. Qe8 {[%eval 14,0]} Kh6 {[%eval 14,0]} 56. Kg1 {[%eval 14,0]} e5 {[%eval 3,0]} 57. Qa4 {[%eval 3,0]} Qf4 {[%eval 3,0]} 58. Qc6+ {[%eval 3,0]} Kg5 {[%eval 3,0]} 59. Qc7 {[%eval 6,0]} Qd4+ {[%eval 0,0]} 60. Kf1 {[%eval 0,0]} Kf4 {[%eval 0,0]} 61. Qxg7 {[%eval 0,0]} Ke3 {[%eval 0,0]} 62. Kg1 {[%eval 0,0]} e4 {[%eval 0,0]} 63. Qh6+ {[%eval 0,0]} Ke2+ {[%eval 0,0]} 64. Kh1 {[%eval 0,0]} e3 {[%eval 0,0]} 65. Qa6+ {[%eval 4,0]} Kf2 {[%eval 1,0]} 66. Kh2 $4 {[%eval -32757,0] Checkmate is now unavoidable. Qa2+ was best.} (66. Qa2+) 66... e2 {[%eval -32759,0]} 0-1

[Event "Norway Chess 2024"]
[Site "Stavanger, Norway"]
[Date "2024.05.30"]
[Round "7.2"]
[White "Nakamura, Hikaru"]
[Black "Praggnanandhaa R"]
[Result "1-0"]
[WhiteElo "2794"]
[BlackElo "2747"]
[Annotator "Stockfish 16.1 - Chessbase"]
[PlyCount "171"]
[GameId "2053142232209627"]
[EventDate "2024.??.??"]

1. d4 {[%eval 14,0]} Nf6 {[%eval 17,0]} 2. c4 {[%eval 21,0]} e6 {[%eval 21,0]} 3. Nc3 {[%eval 18,0]} Bb4 {[%eval 17,0]} 4. e3 {[%eval 6,0]} O-O {[%eval 11,0]} 5. Bd2 {[%eval 1,0]} c5 {[%eval 7,0]} 6. a3 {[%eval 17,0]} Bxc3 {[%eval 21,0]} 7. Bxc3 {[%eval 12,0]} Ne4 {[%eval 16,0]} 8. Ne2 {[%eval 12,0]} b6 {[%eval 8,0]} 9. d5 {[%eval 8,0]} Ba6 {[%eval 14,0]} 10. b3 {[%eval 8,0]} b5 {[%eval 8,0]} 11. Qc2 {[%eval 15,0]} exd5 {[%eval 6,0]} 12. cxd5 {[%eval 9,0]} Nxc3 {[%eval 5,0]} 13. Qxc3 $146 {[%eval 0,0]} ({RR} 13. Nxc3 b4 14. Bxa6 Nxa6 15. axb4 Nxb4 16. Qd2 d6 17. O-O Qb6 18. Ra4 Rfb8 19. Rfa1 a5 20. h3 h6 21. R1a3 Ra7 22. Qe2 Qb7 23. e4 Rba8 24. f4 Ra6 25. Kh1 Kh8 26. Kg1 Kg8 27. Kh1 Kh8 {½-½ Sevcikova,L (2009)-Butenandt,S (2197) Fredericia WIM 2024 Fredericia DEN (9.4)}) 13... d6 {[%eval 0,0]} 14. Ng3 {[%eval 5,0]} Nd7 {[%eval 6,0]} 15. Be2 {[%eval 4,0]} Nf6 {[%eval 2,0]} 16. Qd2 {[%eval 9,0]} Re8 {[%eval 8,0]} 17. f3 {[%eval 7,0]} Qb6 {[%eval 26,0]} 18. e4 {[%eval 28,0]} Bc8 {[%eval 23,0]} 19. a4 {[%eval 2,0]} Bd7 $6 {[%eval 104,0] Inaccuracy. bxa4 was best.} (19... bxa4 20. bxa4) 20. axb5 {[%eval 109,0]} Bxb5 {[%eval 98,0]} 21. Bxb5 {[%eval 103,0]} Qxb5 {[%eval 102,0]} 22. Nf5 {[%eval 106,0]} Nxe4 $6 {[%eval 196,0] Inaccuracy. Qb6 was best.} (22... Qb6 23. O-O Nd7 24. Qa5 Reb8 25. Qa6 g6 26. Nxd6 Qxb3 27. Qc6 Ne5 28. Qxc5) 23. fxe4 {[%eval 201,0]} Rxe4+ {[%eval 207,0]} 24. Kf2 {[%eval 205,0]} Re5 {[%eval 216,0]} 25. Nxd6 {[%eval 200,0]} Qb6 {[%eval 217,0]} 26. Nc4 {[%eval 223,0]} Qf6+ {[%eval 213,0]} 27. Kg1 {[%eval 222,0]} Re2 {[%eval 228,0]} 28. Rf1 {[%eval 223,0]} Rxd2 {[%eval 203,0]} 29. Rxf6 {[%eval 209,0]} Rxd5 {[%eval 225,0]} 30. Rf3 {[%eval 226,0]} Rd1+ {[%eval 232,0]} 31. Rf1 {[%eval 204,0]} Rd3 {[%eval 214,0]} 32. Na5 {[%eval 227,0]} Rd2 {[%eval 235,0]} 33. h4 {[%eval 225,0]} Ra2 {[%eval 224,0]} 34. Nc4 {[%eval 231,0]} a5 {[%eval 275,0]} 35. Rh3 {[%eval 236,0]} a4 {[%eval 283,0]} 36. Nb6 {[%eval 287,0]} Rb8 {[%eval 297,0]} 37. Nxa4 {[%eval 275,0]} Rc2 {[%eval 282,0]} 38. Rf4 {[%eval 252,0]} h5 {[%eval 312,0]} 39. Rd3 {[%eval 316,0]} f6 {[%eval 314,0]} 40. Re4 {[%eval 276,0]} Rb7 {[%eval 304,0]} 41. Kh2 {[%eval 298,0]} Kf7 {[%eval 327,0]} 42. Kh3 {[%eval 261,0]} Kg6 {[%eval 303,0]} 43. Kg3 {[%eval 265,0]} Kh6 {[%eval 255,0]} 44. Kf3 {[%eval 241,0]} Kg6 {[%eval 287,0]} 45. Kg3 {[%eval 287,0]} Kh6 {[%eval 281,0]} 46. Kh2 {[%eval 205,0]} Kg6 {[%eval 206,0]} 47. Rg3+ {[%eval 274,0]} Kf7 {[%eval 291,0]} 48. Rf4 {[%eval 283,0]} Rb8 {[%eval 278,0]} 49. Rgf3 {[%eval 289,0]} Kg6 {[%eval 272,0]} 50. Kh3 {[%eval 252,0]} Kf7 $6 {[%eval 344,0] Inaccuracy. Kh6 was best.} (50... Kh6 51. Rg3 Rc1 52. Kh2 Rb7 53. Re4 Kh7 54. Rge3 Rc2 55. Rf3 Kg6 56. Rd3) 51. g3 {[%eval 304,0]} Kg6 {[%eval 322,0]} 52. Re4 {[%eval 276,0]} Kh6 {[%eval 283,0]} 53. Rfe3 {[%eval 279,0]} Rb5 {[%eval 277,0]} 54. Rd3 $6 {[%eval 201,0] Inaccuracy. Re8 was best.} (54. Re8 c4 55. bxc4 Rb1 56. Re1 Rxe1 57. Rxe1 Rxc4 58. Nb6 Rd4 59. Re6 Rd1) 54... Rb8 $6 {[%eval 308,0] Inaccuracy. Ra5 was best.} (54... Ra5 55. Nc3 Ra3 56. Re2 Rc1 57. Nb5 c4 58. Nxa3 cxd3 59. Rb2 Rc3 60. Kg2) 55. Rc4 {[%eval 298,0]} Rxc4 {[%eval 319,0]} 56. bxc4 {[%eval 309,0]} Rb4 {[%eval 329,0]} 57. Nxc5 {[%eval 324,0]} Rxc4 {[%eval 302,0]} 58. Ne6 {[%eval 311,0]} g5 {[%eval 296,0]} 59. Rd5 {[%eval 315,0]} gxh4 {[%eval 312,0]} 60. gxh4 {[%eval 291,0]} Kg6 {[%eval 296,0]} 61. Nd4 {[%eval 288,0]} Rc3+ {[%eval 315,0]} 62. Kg2 {[%eval 293,0]} Rd3 {[%eval 316,0]} 63. Nf5 {[%eval 305,0]} Ra3 {[%eval 300,0]} 64. Ng3 {[%eval 314,0]} Ra2+ {[%eval 309,0]} 65. Kf3 {[%eval 209,0]} Ra3+ {[%eval 303,0]} 66. Kf4 {[%eval 298,0]} Ra4+ {[%eval 313,0]} 67. Ne4 {[%eval 316,0]} Ra1 {[%eval 315,0]} 68. Rd6 {[%eval 308,0]} Rf1+ {[%eval 303,0]} 69. Ke3 {[%eval 324,0]} Rf5 {[%eval 315,0]} 70. Rc6 {[%eval 315,0]} Rf1 {[%eval 312,0]} 71. Ra6 {[%eval 296,0]} Rf5 {[%eval 316,0]} 72. Ra1 {[%eval 313,0]} Re5 {[%eval 304,0]} 73. Kd4 {[%eval 299,0]} Re6 {[%eval 305,0]} 74. Rf1 {[%eval 312,0]} Ra6 {[%eval 323,0]} 75. Nc3 {[%eval 307,0]} Ra3 {[%eval 319,0]} 76. Rf4 {[%eval 316,0]} Ra6 {[%eval 344,0]} 77. Nd5 {[%eval 331,0]} Re6 {[%eval 329,0]} 78. Re4 {[%eval 321,0]} Rd6 {[%eval 319,0]} 79. Rf4 {[%eval 338,0]} Re6 {[%eval 337,0]} 80. Kd3 {[%eval 315,0]} Kf7 {[%eval 334,0]} 81. Ra4 {[%eval 324,0]} Rd6 $6 {[%eval 402,0] Inaccuracy. Re1 was best.} (81... Re1 82. Nf4 Rd1+ 83. Ke3 Rh1 84. Nxh5 Kg6 85. Ng3 Rb1 86. Kf4 Rb2 87. Kg4) 82. Ke4 {[%eval 415,0]} Re6+ {[%eval 412,0]} 83. Kf3 {[%eval 401,0]} Re5 {[%eval 401,0]} 84. Ra7+ {[%eval 428,0]} Kg6 {[%eval 428,0]} 85. Nf4+ {[%eval 308,0]} Kf5 $4 {[%eval 32744,0] Checkmate is now unavoidable. Kh6 was best.} (85... Kh6 86. Ra6 Kg7 87. Rd6 Ra5 88. Rd5 Ra1 89. Nxh5+ Kh6 90. Nf4 Rh1 91. Kg4) 86. Rh7 {[%eval 32746,0]} 1-0